| 000 | 00775nam a2200241 a 4500 | ||
|---|---|---|---|
| 001 | 62996 | ||
| 003 | BD-RjUL | ||
| 005 | 20211209081141.0 | ||
| 008 | 880808s1983 enk b 001 0 eng d | ||
| 020 | _a0713163739 | ||
| 035 | _a(BD-RjUL)63124 | ||
| 040 |
_aBD-RjUL _cBD-RjUL _beng _dBD-RjUL |
||
| 041 | _aeng | ||
| 082 |
_223 _a820.9351 _bERA 1983 |
||
| 100 | 1 |
_aErskine-Hill, Howard. _9187381 |
|
| 245 | 1 | 4 |
_aThe Augustan idea in English literature / _cHoward Erskine-Hill. |
| 260 |
_aLondon : _bEdward Arnold, _c1983. |
||
| 300 |
_axvi, 379 p. ; _c25 cm. |
||
| 504 | _aIncludes bibliography and index. | ||
| 600 | 0 | 0 |
_aAugustus, _cEmperor of Rome, _d63 B.C.-14 A.D. _9187385 |
| 650 | 0 |
_aEnglish literature _y18th century _xHistory and criticism. _9185569 |
|
| 942 |
_2ddc _cBK |
||
| 999 |
_c62996 _d62996 |
||